00450nam a22001577a 450000500170000001000140001702000250003103500130005603700130006908200080008210000170009024500900010726000370019727000360023430000220027020100809161730.0 aENG-99103 a9788190792059c80.00 aEN-82635 bDBAD/PUB a920 aAnnadurai,K. aDr.B.R.Ambedkar on socio economic and political aspects of democracy/cby K.Annadurai aChennaibToday Publicationc2007 a192 Bells RoadbChennaie600005 a143p.c20cm (pbk)